Lập kế hoạch và tiến hành họp hiệu quả : 24 bước tạo ra thành công có ý nghĩa
Sách cung cấp những hướng dẫn cụ thể, ngắn gọn, dễ tra cứu, trong việc điều hành các cuộc họp sao cho có hiệu quả
Shranjeno v:
| Glavni avtor: | |
|---|---|
| Format: | Knjiga |
| Jezik: | Undetermined |
| Izdano: |
Thành phố Hồ Chí Minh
Tổng hợp thành phố Hồ Chí Minh
2008
|
| Teme: | |
| Oznake: |
Označite
Brez oznak, prvi označite!
|
| Thư viện lưu trữ: | Trung tâm Học liệu Trường Đại học Cần Thơ |
|---|
| LEADER | 01006nam a2200217Ia 4500 | ||
|---|---|---|---|
| 001 | CTU_185895 | ||
| 008 | 210402s9999 xx 000 0 und d | ||
| 020 | |c 25000 | ||
| 082 | |a 658.456 | ||
| 082 | |b S914 | ||
| 100 | |a Streibel, Barbara J. | ||
| 245 | 0 | |a Lập kế hoạch và tiến hành họp hiệu quả : | |
| 245 | 0 | |b 24 bước tạo ra thành công có ý nghĩa | |
| 245 | 0 | |c Barbara J. Streibel; Dương Ngọc Dũng (người dịch) | |
| 260 | |a Thành phố Hồ Chí Minh | ||
| 260 | |b Tổng hợp thành phố Hồ Chí Minh | ||
| 260 | |c 2008 | ||
| 520 | |a Sách cung cấp những hướng dẫn cụ thể, ngắn gọn, dễ tra cứu, trong việc điều hành các cuộc họp sao cho có hiệu quả | ||
| 650 | |a Business meetings,Communication in management,Tổ chức cuộc họp hiệu quả | ||
| 910 | |a Ngô Hồng Xuân | ||
| 980 | |a Trung tâm Học liệu Trường Đại học Cần Thơ | ||